[Event "Hastings Chess Congress"]
[Site "Hastings ENG"]
[Date "2005.12.30"]
[EventDate "2005.12.28"]
[Round "3"]
[Result "1/2-1/2"]
[White "Dimitar Karapchanski"]
[Black "Rasa Norinkeviciute"]
[WhiteElo "2270"]
[BlackElo "2082"]
[PlyCount "106"]

1. c4 b6 2. Nc3 e6 3. d4 Bb7 4. Nf3 h6 5. e4 d6 6. Bd3 Nd7
7. Bd2 g6 8. O-O Bg7 9. b4 Ne7 10. Qe2 O-O 11. b5 Kh8 12. a4
a5 13. Rae1 Ng8 14. Bc1 Re8 15. Qc2 f5 16. d5 Nc5 17. exf5
exf5 18. Be3 Qd7 19. Bd4 Rxe1 20. Rxe1 Re8 21. Rxe8 Qxe8
22. Bxc5 dxc5 23. Ne2 Bc8 24. h4 Nf6 25. Nf4 Ne4 26. Qe2 Bd7
27. g3 g5 28. hxg5 hxg5 29. Ng2 Bf6 30. Bxe4 fxe4 31. Nd2 Bf5
32. Ne3 Bg6 33. Qg4 Bc3 34. Ndf1 Qe5 35. Qd7 Be1 36. Ng4 Qd6
37. Qc8+ Kg7 38. Nfe3 Bc3 39. Nf5+ Bxf5 40. Qxf5 Qg6 41. Qd7+
Qf7 42. Qxf7+ Kxf7 43. Kf1 Bd4 44. Ke2 Kg6 45. f3 exf3+
46. Kxf3 Kf5 47. Nh6+ Kg6 48. Ng4 Kf5 49. Nh2 Bg1 50. Ng4 Bd4
51. Nh6+ Kg6 52. Ng8 Kf7 53. Nh6+ Kg6 1/2-1/2

[Event "Hastings Chess Congress"]
[Site "Hastings ENG"]
[Date "2005.12.30"]
[EventDate "2005.12.28"]
[Round "3"]
[Result "1/2-1/2"]
[White "David Ian Calvert"]
[Black "Gudmundur Kjartansson"]
[WhiteElo "2073"]
[BlackElo "2257"]
[PlyCount "33"]

1. b3 e5 2. Bb2 d6 3. e3 g6 4. d4 Qe7 5. Nf3 e4 6. Nfd2 Bg7
7. c4 f5 8. Nc3 c6 9. Ne2 Nf6 10. Nf4 O-O 11. h4 a5 12. a3 Be6
13. Be2 Bf7 14. Nf1 h6 15. Ng3 Nbd7 16. h5 Qe8 17. hxg6
1/2-1/2

[Event "Hastings Chess Congress"]
[Site "Hastings ENG"]
[Date "2005.12.30"]
[EventDate "2005.12.28"]
[Round "3"]
[Result "1-0"]
[White "Helgi Dam Ziska"]
[Black "Nigel W Dennis"]
[WhiteElo "2251"]
[BlackElo "2050"]
[PlyCount "39"]

1. e4 c5 2. c4 e5 3. Nc3 Nc6 4. d3 d6 5. Be3 f5 6. exf5 Bxf5
7. Nge2 Nge7 8. Ng3 Be6 9. Be2 Nf5 10. Nxf5 Bxf5 11. Bg4 Qd7
12. Bxf5 Qxf5 13. Nd5 O-O-O 14. b4 Nd4 15. O-O Rd7 16. f4 e4
17. Bxd4 cxd4 18. dxe4 Qxe4 19. Qa4 Kd8 20. Qxa7 1-0

[Event "Hastings Chess Congress"]
[Site "Hastings ENG"]
[Date "2005.12.30"]
[EventDate "2005.12.28"]
[Round "3"]
[Result "0-1"]
[White "Peter S Poobalasingam"]
[Black "Matthew N Anderton"]
[WhiteElo "2060"]
[BlackElo "2205"]
[PlyCount "110"]

1. d4 Nf6 2. c4 e6 3. Nc3 Bb4 4. e3 O-O 5. Nge2 d5 6. a3 Bd6
7. c5 Be7 8. Ng3 a5 9. Rb1 c6 10. Bd3 b6 11. b4 Ba6 12. O-O
Nbd7 13. Re1 g6 14. Bxa6 Rxa6 15. e4 axb4 16. axb4 dxe4
17. Ngxe4 Nxe4 18. Nxe4 Nf6 19. Qe2 b5 20. Bh6 Re8 21. Ng5 Qd5
22. Nf3 Qh5 23. Qb2 Qd5 24. Qd2 Ra2 25. Qg5 Rea8 26. Qf4 R2a7
27. Bg5 Nh5 28. Qh4 Bxg5 29. Nxg5 h6 30. Ne4 Qd8 31. Qxd8+
Rxd8 32. Nd6 Nf6 33. Rb3 Nd5 34. g3 Rda8 35. Kg2 Ra3 36. Reb1
Rxb3 37. Rxb3 Ra4 38. Rf3 f5 39. Nb7 Ra8 40. Rb3 Kf7 41. Nd6+
Kf6 42. g4 Ra4 43. gxf5 gxf5 44. Rb1 Rxb4 45. Ne8+ Kg5 46. Rg1
Rxd4 47. f3 h5 48. Nd6 Kf4 49. Nf7 Rd2+ 50. Kh1 Ne3 51. Nh8
Rd1 52. Ng6+ Kxf3 53. Ne5+ Ke4 54. Nxc6 Rxg1+ 55. Kxg1 Kd5 0-1

[Event "Hastings Chess Congress"]
[Site "Hastings ENG"]
[Date "2005.12.30"]
[EventDate "2005.12.28"]
[Round "3"]
[Result "1/2-1/2"]
[White "Richard J Webster"]
[Black "Bernard Cafferty"]
[WhiteElo "1968"]
[BlackElo "2207"]
[PlyCount "80"]

1. c4 Nf6 2. g3 c6 3. Bg2 d5 4. b3 Bg4 5. d3 e6 6. Nf3 Nbd7
7. Bb2 Bd6 8. Nbd2 O-O 9. O-O Re8 10. Qc2 Qe7 11. a3 a5
12. Rfe1 h6 13. e4 dxe4 14. dxe4 e5 15. Nh4 Bc5 16. Nf1 Qd8
17. h3 Bh5 18. Ne3 Qb6 19. Bc3 Bd4 20. g4 Bg6 21. Nxg6 fxg6
22. Rab1 Bxc3 23. Qxc3 Nc5 24. Nc2 Rad8 25. Re3 Ne6 26. b4 Nd4
27. Bf1 c5 28. Rb2 axb4 29. axb4 Re7 30. Ne1 cxb4 31. Qxb4
Qxb4 32. Rxb4 Nc6 33. Rb1 Rd4 34. f3 Rc7 35. Nc2 Rd2 36. Re2
Rxe2 37. Bxe2 Nd7 38. Rb5 b6 39. Kf2 Ra7 40. Rb2 Ra4 1/2-1/2

[Event "Hastings Chess Congress"]
[Site "Hastings ENG"]
[Date "2005.12.31"]
[EventDate "2005.12.28"]
[Round "4"]
[Result "0-1"]
[White "Adam G Ashton"]
[Black "Bogdan Lalic"]
[WhiteElo "2331"]
[BlackElo "2490"]
[PlyCount "67"]

1. e4 c5 2. Nf3 d6 3. d4 cxd4 4. Nxd4 Nf6 5. Nc3 e6 6. Be2 Be7
7. O-O O-O 8. Be3 a6 9. a4 Qc7 10. f4 b6 11. Kh1 Bb7 12. Bf3
Nbd7 13. Qe2 Rac8 14. Rae1 Rfe8 15. Bg1 e5 16. fxe5 Nxe5
17. Nd5 Nxd5 18. exd5 Bf8 19. Be4 g6 20. Qf2 Bg7 21. Qg3 Qd7
22. b3 b5 23. axb5 axb5 24. Rd1 b4 25. Qf4 Qg4 26. Qxg4 Nxg4
27. Bf3 Ne5 28. Nb5 Bf8 29. Rd4 Nxf3 30. Rxf3 Rxc2 31. Rf1
Ree2 32. Rfd1 Rxg2 33. Rxb4 Rg5 34. Rbd4 0-1

[Event "Hastings Chess Congress"]
[Site "Hastings ENG"]
[Date "2005.12.31"]
[EventDate "2005.12.28"]
[Round "4"]
[Result "1/2-1/2"]
[White "Yuri Kuzubov"]
[Black "Li Wu"]
[WhiteElo "2541"]
[BlackElo "2287"]
[PlyCount "128"]

1. e4 c5 2. c3 e6 3. d4 d5 4. exd5 exd5 5. Nf3 Nc6 6. Be3 cxd4
7. Nxd4 Nf6 8. Be2 Be7 9. O-O O-O 10. Nd2 Re8 11. Re1 a6
12. Qb3 Qc7 13. h3 Bd6 14. Bf3 Be6 15. Rad1 Ne5 16. Be2 Rac8
17. Bg5 Ned7 18. Qc2 Bc5 19. Qd3 h6 20. Bh4 Bd6 21. Nf1 Ne4
22. Nxe6 fxe6 23. Bh5 Ne5 24. Qc2 Rf8 25. Rxe4 dxe4 26. Qxe4
Kh8 27. Be2 Qc6 28. Qc2 Bc5 29. Bg3 Rf5 30. Nd2 Rd8 31. Ne4
Rxd1+ 32. Bxd1 Bb6 33. Qe2 Ng6 34. Bc2 Nf4 35. Qg4 Bc7
36. Bxf4 Rxf4 37. Qg6 Kg8 38. g3 Rf5 39. h4 Kf8 40. Qh7 Bb6
41. Qh8+ Kf7 42. Qb8 Ke7 43. Qg8 Rf7 44. Qb8 Bxf2+ 45. Kh2 Bb6
46. b4 Bc7 47. Qa7 Qd5 48. Kg1 Qb5 49. Qc5+ Qxc5+ 50. bxc5 Rf8
51. Kg2 Be5 52. Bd3 Rd8 53. Be2 Rf8 54. a4 Kd7 55. Bf3 Kc7
56. Kf2 b6 57. cxb6+ Kxb6 58. Ke3 Ka5 59. Be2 Rb8 60. g4 Rb3
61. Bxa6 Bxc3 62. Bc4 Ra3 63. Kf4 Rxa4 64. Bxe6 Bf6 1/2-1/2

[Event "Hastings Chess Congress"]
[Site "Hastings ENG"]
[Date "2005.12.31"]
[EventDate "2005.12.28"]
[Round "4"]
[Result "0-1"]
[White "Andrew Greet"]
[Black "Jack Rudd"]
[WhiteElo "2428"]
[BlackElo "2281"]
[PlyCount "68"]

1. d4 Nf6 2. Nf3 e6 3. c4 c5 4. e3 d5 5. dxc5 Bxc5 6. a3 a6
7. b4 Ba7 8. Bb2 O-O 9. Nbd2 Nc6 10. Rc1 Qe7 11. Bd3 Rd8
12. cxd5 Nxd5 13. Qe2 e5 14. Bb1 f5 15. Rxc6 bxc6 16. Nxe5 Qe8
17. g4 a5 18. gxf5 axb4 19. axb4 Bb8 20. Ndc4 Ba6 21. Qc2 Nxb4
22. Qb3 Nd5 23. Rg1 Bxe5 24. Nxe5 Rab8 25. Qa2 Rxb2 26. Qxb2
Rb8 27. Qa1 Rxb1+ 28. Qxb1 Qxe5 29. Rg3 Qc3+ 30. Kd1 Bb5
31. Qe4 Qa1+ 32. Kd2 Qb2+ 33. Qc2 Qb4+ 34. Kc1 Nc3 0-1

[Event "Hastings Chess Congress"]
[Site "Hastings ENG"]
[Date "2005.12.31"]
[EventDate "2005.12.28"]
[Round "4"]
[Result "1/2-1/2"]
[White "Jon Viktor Gunnarsson"]
[Black "Nicholas Tavoularis"]
[WhiteElo "2411"]
[BlackElo "2211"]
[PlyCount "69"]

1. e4 e6 2. d4 d5 3. Nd2 dxe4 4. Nxe4 Nd7 5. Nf3 Ngf6 6. Nxf6+
Nxf6 7. c3 c5 8. Ne5 a6 9. Qa4+ Bd7 10. Nxd7 Qxd7 11. Qxd7+
Nxd7 12. dxc5 Bxc5 13. Be2 O-O 14. O-O Ne5 15. Bf4 Ng6 16. Bd2
Rfd8 17. Rfd1 a5 18. b3 Rd6 19. b4 axb4 20. cxb4 Bd4 21. Rac1
h6 22. Rc2 Rad8 23. Kf1 e5 24. Bf3 b6 25. a4 f5 26. Rc6 Rxc6
27. Bxc6 Bc3 28. Ke2 Nf4+ 29. Bxf4 Rxd1 30. Kxd1 exf4 31. b5
Kf7 32. Kc2 Bd4 33. f3 Bg1 34. h3 Ke6 35. Kd3 1/2-1/2

[Event "Hastings Chess Congress"]
[Site "Hastings ENG"]
[Date "2005.12.31"]
[EventDate "2005.12.28"]
[Round "4"]
[Result "1-0"]
[White "Watu Kobese"]
[Black "Helgi Dam Ziska"]
[WhiteElo "2400"]
[BlackElo "2251"]
[PlyCount "55"]

1. e4 c5 2. Nf3 Nc6 3. d4 cxd4 4. Nxd4 Qb6 5. Nb3 Nf6 6. Nc3
e6 7. Bd3 Bb4 8. O-O O-O 9. Bg5 Bxc3 10. bxc3 Ne8 11. c4 d6
12. Be3 Qc7 13. c5 e5 14. f4 b6 15. cxd6 Nxd6 16. f5 f6
17. Rf3 Nb4 18. Rh3 Kh8 19. Rh4 Qf7 20. Be2 Qe7 21. c3 Nc6
22. Bf1 Nf7 23. Qh5 h6 24. Qg6 Ncd8 25. Bc4 Re8 26. Rd1 Ng5
27. Bxg5 fxg5 28. f6 1-0

[Event "Hastings Chess Congress"]
[Site "Hastings ENG"]
[Date "2005.12.31"]
[EventDate "2005.12.28"]
[Round "4"]
[Result "0-1"]
[White "Alexander Khantuev"]
[Black "Daniel McGowan"]
[WhiteElo "2302"]
[BlackElo "2122"]
[PlyCount "74"]

1. e4 e6 2. d4 d5 3. Nc3 dxe4 4. Nxe4 Nd7 5. Nf3 Ngf6 6. Nxf6+
Nxf6 7. c3 Be7 8. Qa4+ c6 9. Bd3 O-O 10. Qc2 Qc7 11. Bg5 h6
12. h4 c5 13. dxc5 Qxc5 14. O-O-O Ng4 15. Bxe7 Qxe7 16. Rhe1
b6 17. Bf5 Nf6 18. g4 Qc7 19. Be4 Nxe4 20. Qxe4 Bb7 21. Qe3
Bxf3 22. Qxf3 Rad8 23. g5 Rxd1+ 24. Rxd1 Rd8 25. Rg1 hxg5
26. hxg5 Qc4 27. g6 fxg6 28. Rxg6 Qxa2 29. Qg4 Rd7 30. Rxe6
Qd5 31. Qe2 Qg5+ 32. Kc2 Qf5+ 33. Kb3 Qd5+ 34. c4 Qd3+ 35. Kb4
Qd2+ 36. Kb5 Qa5+ 37. Kc6 Qa4+ 0-1

[Event "Hastings Chess Congress"]
[Site "Hastings ENG"]
[Date "2005.12.31"]
[EventDate "2005.12.28"]
[Round "4"]
[Result "0-1"]
[White "Rasa Norinkeviciute"]
[Black "Dagur Arngrimsson"]
[WhiteElo "2082"]
[BlackElo "2289"]
[PlyCount "102"]

1. e4 e5 2. Nf3 Nc6 3. Bb5 a6 4. Ba4 Nf6 5. d3 b5 6. Bb3 d6
7. c3 Be7 8. Nbd2 O-O 9. h3 Na5 10. Bc2 c5 11. O-O Qc7 12. Re1
Rd8 13. Nf1 Nc6 14. Bg5 d5 15. Qe2 d4 16. cxd4 cxd4 17. Bb3
Na5 18. Bxf6 Bxf6 19. Bd5 Bb7 20. Rac1 Qe7 21. Bxb7 Nxb7
22. Rc6 Na5 23. Rc2 Qe6 24. Rec1 b4 25. b3 Rdc8 26. Rc5 Nb7
27. Rxc8+ Rxc8 28. Rc4 Rxc4 29. dxc4 Nc5 30. Ne1 Qc6 31. f3 a5
32. Nd3 Ne6 33. Ng3 g6 34. Qc2 Kg7 35. Ne2 Qc7 36. Nec1 Bg5
37. Kf1 h5 38. g3 Be3 39. Kg2 Qc8 40. g4 hxg4 41. fxg4 Qh8
42. Kh2 Bf4+ 43. Kg2 Ng5 44. Nf2 Qh4 45. Ne2 Nxh3 46. Nxf4
Nxf4+ 47. Kf3 Ne6 48. c5 Qh2 49. Qc1 d3 50. Qh1 Nd4+ 51. Ke3
Qg3+ 0-1

[Event "Hastings Chess Congress"]
[Site "Hastings ENG"]
[Date "2005.12.31"]
[EventDate "2005.12.28"]
[Round "4"]
[Result "1/2-1/2"]
[White "Donny Muter"]
[Black "Dimitar Karapchanski"]
[WhiteElo "2085"]
[BlackElo "2270"]
[PlyCount "181"]

1. d4 Nf6 2. c4 g6 3. Nc3 d5 4. cxd5 Nxd5 5. Bd2 Bg7 6. e4 Nb6
7. Be3 c6 8. Qd2 O-O 9. O-O-O e5 10. dxe5 Qxd2+ 11. Rxd2 Bxe5
12. Nd1 Be6 13. b3 N8d7 14. Nf3 Bg7 15. Ng5 Rfe8 16. Be2 Nf8
17. Nb2 Bc3 18. Rc2 Bg7 19. Kb1 Rad8 20. Rd1 Rxd1+ 21. Nxd1
Bc8 22. Bd3 h6 23. Nf3 Bg4 24. Nc3 Bxf3 25. gxf3 Ne6 26. Ne2
Rd8 27. Rd2 Nd7 28. Nf4 Nxf4 29. Bxf4 Ne5 30. Bxe5 Bxe5 31. h3
Kg7 32. Kc2 g5 33. Rd1 Kf6 34. Kd2 Bf4+ 35. Ke2 Ke5 36. Bc4
Rxd1 37. Kxd1 Kf6 38. a4 a6 39. Kc2 b5 40. axb5 axb5 41. Be2
Bd6 42. f4 Bxf4 43. Bg4 Ke7 44. b4 f6 45. Bh5 Bc7 46. Bg6 Bb6
47. f3 Bf2 48. Bh5 Be1 49. Kb3 Kd6 50. Be8 Kc7 51. Ka3 Kb6
52. Kb3 c5 53. bxc5+ Kxc5 54. Bh5 b4 55. Be8 Kd4 56. Bh5 Bc3
57. Bg6 Ke3 58. Bh5 Kf4 59. Bg4 Kg3 60. Kc2 Be5 61. Kb3 Bd6
62. Kc4 Kh4 63. Bf5 Bf8 64. Kb3 Kg3 65. Bg4 Kh4 66. Bf5 Kg3
67. Bg4 f5 68. exf5 Kh4 69. f6 Kg3 70. f7 Kf4 71. Kc4 Ke5
72. Kb3 Kf6 73. Bh5 Kf5 74. Kc4 Ke6 75. Kb3 Kd5 76. Bg6 Kd4
77. Bh5 Ke3 78. Kc4 Kf4 79. Kb3 Kg3 80. Bg4 Kh4 81. Kc4 h5
82. Bf5 Kg3 83. Bg6 h4 84. Bf5 Kxf3 85. Bg4+ Kf4 86. Kb3 Ke5
87. Kc4 Kf6 88. Bh5 Kf5 89. Bg4+ Kg6 90. Kb3 Kxf7 91. Bc8
1/2-1/2

[Event "Hastings Chess Congress"]
[Site "Hastings ENG"]
[Date "2005.12.31"]
[EventDate "2005.12.28"]
[Round "4"]
[Result "1/2-1/2"]
[White "Sarah N Hegarty"]
[Black "Francis Rayner"]
[WhiteElo "1892"]
[BlackElo "2212"]
[PlyCount "91"]

1. e4 c5 2. Nc3 Nc6 3. g3 g6 4. Bg2 Bg7 5. d3 d6 6. Be3 Rb8
7. Qd2 b5 8. Nge2 b4 9. Nd1 Nd4 10. Nc1 Bg4 11. Bxd4 cxd4
12. a3 a5 13. axb4 axb4 14. b3 Bxd1 15. Kxd1 Bh6 16. f4 Nf6
17. Bf3 e5 18. Ra4 O-O 19. Rxb4 Ra8 20. Ra4 Qd7 21. Qb4 Rac8
22. Ne2 d5 23. exd5 Nxd5 24. Bxd5 Qxd5 25. Rg1 Rfe8 26. Ra5
Qc6 27. Qc4 Qb6 28. Rxe5 Rxc4 29. Rxe8+ Bf8 30. bxc4 Kg7
31. Nc1 Qb1 32. Ra8 Qb7 33. Re8 Qb1 34. Ra8 Qb7 35. Re8 Bb4
36. Nb3 Bc3 37. c5 Qc6 38. Re4 Qa4 39. Ke2 f5 40. Re5 Qa2
41. Rc1 Qa8 42. Kf2 Bb2 43. Rce1 Bc3 44. Rc1 Bb2 45. Rce1 Bc3
46. Rc1 1/2-1/2

[Event "Hastings Chess Congress"]
[Site "Hastings ENG"]
[Date "2005.12.31"]
[EventDate "2005.12.28"]
[Round "4"]
[Result "1/2-1/2"]
[White "Martin P Burrows"]
[Black "Odin Blikra Vea"]
[WhiteElo "2200"]
[BlackElo "2090"]
[PlyCount "51"]

1. e4 c5 2. Nf3 Nc6 3. d4 cxd4 4. Nxd4 Nf6 5. Nc3 e6 6. Ndb5
Bb4 7. a3 Bxc3+ 8. Nxc3 d5 9. exd5 exd5 10. Bd3 d4 11. Ne2 Bg4
12. O-O O-O 13. f3 Bh5 14. Nf4 Bg6 15. Bxg6 hxg6 16. b4 Nd5
17. Qd3 Nc3 18. Re1 Qd6 19. Bd2 Ne5 20. Qf1 Rac8 21. Nd3 Nc4
22. Bxc3 dxc3 23. Nc5 Nd2 24. Qf2 b6 25. Ne4 Nxe4 26. Rxe4
1/2-1/2

[Event "Hastings Chess Congress"]
[Site "Hastings ENG"]
[Date "2005.12.31"]
[EventDate "2005.12.28"]
[Round "4"]
[Result "1-0"]
[White "Colin A McNab"]
[Black "Peter Straub"]
[WhiteElo "2456"]
[BlackElo "2081"]
[PlyCount "67"]

1. c4 e5 2. Nc3 Nc6 3. Nf3 Nf6 4. e4 d6 5. d3 g6 6. g3 Bg7
7. Bg2 Bd7 8. h3 Qc8 9. Be3 a6 10. Qd2 Ne7 11. c5 O-O 12. Rc1
Qd8 13. O-O Nc6 14. Rfd1 dxc5 15. Bxc5 Re8 16. d4 exd4
17. Nxd4 Nxd4 18. Bxd4 Bc6 19. Qc2 Nd7 20. Bxg7 Kxg7 21. Nd5
Bxd5 22. exd5 Rc8 23. Rd4 Qf6 24. Rc4 Nb6 25. Rf4 Qd6 26. Qc3+
f6 27. Qb4 g5 28. Rd4 Re7 29. Bf3 Rce8 30. Kg2 Rd8 31. a4 Qxb4
32. Rxb4 a5 33. Rb5 Re5 34. Rxc7+ 1-0

[Event "Hastings Chess Congress"]
[Site "Hastings ENG"]
[Date "2005.12.31"]
[EventDate "2005.12.28"]
[Round "4"]
[Result "1-0"]
[White "Gurpreet Pal Singh"]
[Black "Peter S Poobalasingam"]
[WhiteElo "2286"]
[BlackElo "2060"]
[PlyCount "119"]

1. e4 e6 2. d4 d5 3. Nc3 Nf6 4. Bg5 Be7 5. e5 Nfd7 6. Bxe7
Qxe7 7. f4 a6 8. Nf3 c5 9. Qd2 b5 10. dxc5 Nxc5 11. Nd4 Bb7
12. Bd3 Nc6 13. Qf2 O-O 14. O-O b4 15. Nce2 a5 16. Nxc6 Bxc6
17. Nd4 Bd7 18. Kh1 f6 19. Qh4 Nxd3 20. cxd3 Rae8 21. Rae1 Qc5
22. Qf2 fxe5 23. Rxe5 Rf6 24. g3 Qb6 25. Qe3 Rc8 26. Re1 a4
27. Nf3 Qxe3 28. R5xe3 Rff8 29. Nd4 Rfe8 30. Kg1 Kf7 31. Kf2
a3 32. b3 Rc3 33. R1e2 h6 34. h4 g6 35. Nf3 Bb5 36. Rd2 Rec8
37. Nd4 Bd7 38. Re1 Kf6 39. Nf3 Bb5 40. Ke3 Bd7 41. Kd4 Bb5
42. Ne5 Kg7 43. Nf3 Kf6 44. g4 Rf8 45. Ke3 Kg7 46. Ree2 Rfc8
47. Nd4 Bd7 48. g5 hxg5 49. hxg5 Rh8 50. Rh2 Re8 51. Nf3 Rec8
52. Ne5 Be8 53. Kd4 Rc1 54. Ng4 Bb5 55. Nf6 R8c3 56. Rh7+ Kf8
57. Rb7 Be8 58. Rh2 Bf7 59. Rh8+ Kg7 60. Rh7+ 1-0

[Event "Hastings Chess Congress"]
[Site "Hastings ENG"]
[Date "2005.12.31"]
[EventDate "2005.12.28"]
[Round "4"]
[Result "1/2-1/2"]
[White "Ian Snape"]
[Black "Daniel Andersen"]
[WhiteElo "2258"]
[BlackElo "2026"]
[PlyCount "54"]

1. c4 Nf6 2. Nc3 d5 3. cxd5 Nxd5 4. g3 g6 5. Bg2 Nxc3 6. bxc3
Bg7 7. Rb1 Nc6 8. Nf3 O-O 9. O-O b6 10. d3 Bb7 11. Qc2 e5
12. Be3 Na5 13. Rb5 c5 14. Rd1 Rc8 15. Qc1 Qe7 16. Bh6 e4
17. Bxg7 Kxg7 18. Ng5 exd3 19. exd3 Bxg2 20. Kxg2 h6 21. Nh3
Qb7+ 22. Kg1 Qd7 23. Rxa5 bxa5 24. Nf4 c4 25. dxc4 Qa4 26. Rd6
Qxc4 27. Nh5+ Kh7 1/2-1/2

[Event "Hastings Chess Congress"]
[Site "Hastings ENG"]
[Date "2005.12.31"]
[EventDate "2005.12.28"]
[Round "4"]
[Result "1/2-1/2"]
[White "James C Mansson"]
[Black "Yves Duhayon"]
[WhiteElo "2114"]
[BlackElo "2233"]
[PlyCount "135"]

1. d4 d5 2. c4 e6 3. Nc3 Be7 4. Nf3 Nf6 5. Bg5 h6 6. Bh4 O-O
7. e3 Nbd7 8. Rc1 c6 9. Bd3 a6 10. c5 e5 11. dxe5 Ne8 12. Bxe7
Qxe7 13. O-O Nxe5 14. Nxe5 Qxe5 15. e4 Nf6 16. Re1 Ng4 17. g3
Qh5 18. h4 g5 19. exd5 gxh4 20. Qf3 hxg3 21. fxg3 Qh2+ 22. Kf1
Nf6 23. Bf5 Nh5 24. Ne4 Bxf5 25. Qxf5 Qh1+ 26. Kf2 Qh2+
27. Ke3 Rae8 28. Rh1 Qxg3+ 29. Kd4 Qg7+ 30. Kc4 Re5 31. Qf2
cxd5+ 32. Kb3 dxe4 33. Rcg1 Rg5 34. Rxg5 hxg5 35. Rxh5 f5
36. Qh2 Rd8 37. Ka3 f4 38. Qg2 Rd5 39. Qxe4 Qf7 40. Rh6 Rxc5
41. Qd4 Ra5+ 42. Kb4 Qf8+ 43. Rd6 Rf5 44. Kb3 Qf7+ 45. Kc2 Kh7
46. Rd7 f3 47. Rxf7+ Rxf7 48. Qf2 Kg6 49. Kd1 g4 50. Ke1 Kg5
51. Qg3 Re7+ 52. Kf1 Re2 53. Qc7 b5 54. Qd8+ Kf4 55. Qd6+ Ke4
56. b4 Rg2 57. Qxa6 g3 58. Qxb5 Rh2 59. Qe8+ Kf4 60. Qf7+ Kg4
61. Qg6+ Kf4 62. Qf6+ Kg4 63. Qd4+ Kf5 64. Qd7+ Kf4 65. Qd6+
Kg4 66. Qd4+ Kf5 67. Qd5+ Kf4 68. Qd4+ 1/2-1/2

[Event "Hastings Chess Congress"]
[Site "Hastings ENG"]
[Date "2005.12.31"]
[EventDate "2005.12.28"]
[Round "4"]
[Result "1-0"]
[White "Bernard Cafferty"]
[Black "Andrias Ziska"]
[WhiteElo "2207"]
[BlackElo "1819"]
[PlyCount "91"]

1. c4 Nf6 2. Nf3 g6 3. b4 Bg7 4. Bb2 O-O 5. g3 d6 6. Bg2 e5
7. O-O Na6 8. a3 Nh5 9. Qc2 f5 10. d3 g5 11. Nbd2 h6 12. b5
Nc5 13. d4 exd4 14. Nxd4 Kh8 15. a4 Qe8 16. N2b3 Ne4 17. Rae1
Rb8 18. e3 Qg6 19. g4 Nhf6 20. Nxf5 Bxf5 21. gxf5 Qe8 22. f3
Nc5 23. Nxc5 dxc5 24. e4 Nd7 25. e5 Nxe5 26. Re3 Rd8 27. Rfe1
Rd4 28. Bxd4 cxd4 29. Rxe5 Bxe5 30. Qe4 Bxh2+ 31. Kxh2 Qd8
32. Rd1 Qd6+ 33. Kg1 Rd8 34. Rd3 c5 35. Qxb7 Re8 36. Qc6 Re1+
37. Kf2 Qe5 38. Qxh6+ Kg8 39. Qxg5+ Kf8 40. Qh6+ Kg8 41. Qe6+
Qxe6 42. fxe6 Rxe6 43. f4 Kf8 44. a5 Ke8 45. Bc6+ Kd8 46. Rh3
1-0

[Event "Hastings Chess Congress"]
[Site "Hastings ENG"]
[Date "2005.12.31"]
[EventDate "2005.12.28"]
[Round "4"]
[Result "0-1"]
[White "Matthew N Anderton"]
[Black "Richard G Pert"]
[WhiteElo "2205"]
[BlackElo "2429"]
[PlyCount "124"]

1. e4 c5 2. c3 d5 3. exd5 Qxd5 4. d4 Nf6 5. Nf3 Bg4 6. Be2 e6
7. h3 Bh5 8. O-O Nc6 9. Be3 cxd4 10. Nxd4 Bxe2 11. Qxe2 Be7
12. Rd1 O-O 13. Nd2 Nxd4 14. Bxd4 Rfd8 15. Nf3 Qe4 16. Qb5 a6
17. Qb6 Nd7 18. Qc7 Rac8 19. Qg3 Qg6 20. Qxg6 hxg6 21. Ne5
Nxe5 22. Bxe5 Bc5 23. Kf1 f6 24. Bg3 Kf7 25. Ke2 Ke7 26. Rxd8
Rxd8 27. Rd1 Rc8 28. Bf4 e5 29. Be3 Bd6 30. f3 Ke6 31. Rd3 g5
32. b3 b5 33. c4 bxc4 34. Rc3 cxb3 35. Rxc8 b2 36. Rc1 bxc1=Q
37. Bxc1 Kd5 38. Kd3 Be7 39. g4 g6 40. Bd2 f5 41. Be3 Bf6
42. Bb6 e4+ 43. fxe4+ fxe4+ 44. Ke3 Be5 45. a4 Bf4+ 46. Ke2
Kc6 47. Bd8 Kc5 48. Ba5 Kc4 49. Bd8 Kb4 50. a5 Kb5 51. Bb6 Kc6
52. Bd8 Bc7 53. Bxg5 Bxa5 54. Bf6 Kd5 55. h4 Bc7 56. h5 gxh5
57. gxh5 Bf4 58. Bc3 Ke6 59. Bd4 a5 60. Bc3 a4 61. Bb2 Bh6
62. Ba3 Kd5 0-1

[Event "Hastings Chess Congress"]
[Site "Hastings ENG"]
[Date "2005.12.31"]
[EventDate "2005.12.28"]
[Round "4"]
[Result "1/2-1/2"]
[White "Alan Grant Kerr"]
[Black "Vladimir Prosviriakov"]
[WhiteElo "2152"]
[BlackElo "2387"]
[PlyCount "87"]

1. c4 e5 2. g3 Nf6 3. Bg2 d5 4. cxd5 Nxd5 5. Nf3 Nc6 6. O-O
Nb6 7. d3 Be7 8. Nc3 O-O 9. Be3 Be6 10. Qc1 f6 11. Rd1 Nd4
12. Bxd4 exd4 13. Ne4 Qd7 14. Nc5 Bxc5 15. Qxc5 Rad8 16. Rdc1
c6 17. a4 Qd6 18. Qxd6 Rxd6 19. a5 Nc8 20. Ra4 Rfd8 21. Nd2 f5
22. Rb4 R8d7 23. a6 bxa6 24. Nc4 Bxc4 25. Rbxc4 Ne7 26. Bxc6
Nxc6 27. Rxc6 Rxc6 28. Rxc6 Rb7 29. Rxa6 Rxb2 30. Rxa7 Rxe2
31. Rd7 h6 32. Rxd4 Kf7 33. Kf1 Rd2 34. Ke1 Ra2 35. h4 g6
36. Rd6 h5 37. Kf1 Ra4 38. Ke2 f4 39. Kf3 fxg3 40. fxg3 Rb4
41. d4 Rb3+ 42. Kf4 Ra3 43. d5 Rd3 44. Rd7+ 1/2-1/2

[Event "Hastings Chess Congress"]
[Site "Hastings ENG"]
[Date "2005.12.31"]
[EventDate "2005.12.28"]
[Round "4"]
[Result "1-0"]
[White "Timothy Spanton"]
[Black "Petr Marusenko"]
[WhiteElo "2018"]
[BlackElo "2342"]
[PlyCount "29"]

1. e4 c5 2. Nf3 d6 3. Bb5+ Nd7 4. d4 Ngf6 5. Nc3 cxd4 6. Qxd4
h6 7. Be3 e5 8. Qd3 Be7 9. Bc4 O-O 10. Nh4 d5 11. exd5 e4
12. Nxe4 Nxe4 13. Ng6 Nd6 14. Nxf8 Ne5 15. Qh7+ 1-0

[Event "Hastings Chess Congress"]
[Site "Hastings ENG"]
[Date "2005.12.31"]
[EventDate "2005.12.28"]
[Round "4"]
[Result "0-1"]
[White "Felix J Kwiatkowski"]
[Black "Stephen Gordon"]
[WhiteElo "2223"]
[BlackElo "2411"]
[PlyCount "86"]

1. e4 c5 2. Nf3 d6 3. d4 cxd4 4. Nxd4 Nf6 5. Nc3 a6 6. g3 e5
7. Nb3 Nbd7 8. a4 b6 9. Bg2 Be7 10. O-O Bb7 11. Re1 Rc8
12. Qe2 O-O 13. Bg5 h6 14. Bxf6 Nxf6 15. Rad1 Qd7 16. Nd2 b5
17. axb5 axb5 18. Nf1 b4 19. Nd5 Nxd5 20. exd5 Rc5 21. Ne3 Bg5
22. Qd3 Rfc8 23. Qb3 Bxe3 24. Rxe3 Qg4 25. Bf3 Qc4 26. Rd2 f5
27. Qxc4 Rxc4 28. Rb3 e4 29. Be2 Rxc2 30. Rxc2 Rxc2 31. Rxb4
Bxd5 32. Rd4 Bb3 33. Bb5 Rc1+ 34. Kg2 Bd1 35. Rd2 Bf3+ 36. Kh3
g5 37. Be2 g4+ 38. Kh4 Rh1 39. Kh5 Bxe2 40. Rxe2 Kg7 41. h4
gxh3 42. f3 exf3 43. Rf2 Rg1 0-1

[Event "Hastings Chess Congress"]
[Site "Hastings ENG"]
[Date "2005.12.31"]
[EventDate "2005.12.28"]
[Round "4"]
[Result "0-1"]
[White "Richard Almond"]
[Black "Jovanka Houska"]
[WhiteElo "2096"]
[BlackElo "2351"]
[PlyCount "90"]

1. d4 d5 2. c4 c6 3. Nf3 Nf6 4. Nc3 e6 5. Bg5 h6 6. Bxf6 Qxf6
7. Qb3 Nd7 8. e4 dxe4 9. Nxe4 Qf5 10. Bd3 Qa5+ 11. Nc3 Be7
12. O-O O-O 13. Rfe1 Rd8 14. Rad1 b6 15. Ne5 Nxe5 16. dxe5 Bb7
17. a3 Kh8 18. Qc2 Rd7 19. Qe2 Rad8 20. h4 Rd4 21. h5 Bxa3
22. Ra1 Rxd3 23. Rxa3 Qb4 24. Nd5 exd5 25. Rxd3 Qxc4 26. Ra3
Qxe2 27. Rxe2 a6 28. Rb3 b5 29. Rf3 Kg8 30. b4 a5 31. Rf4 axb4
32. Rxb4 c5 33. Rb1 d4 34. e6 fxe6 35. Rxe6 d3 36. Re7 Bc8
37. Kf1 c4 38. Rc7 Bf5 39. Rd1 Bg4 40. f3 Bxh5 41. Rc5 Bf7
42. Rxb5 c3 43. Rc5 Bb3 44. Ra1 c2 45. Ke1 d2+ 0-1